| 000 | 00388nam a22001697a 4500 | ||
|---|---|---|---|
| 005 | 20260408113549.0 | ||
| 008 | 160627b xxu||||| |||| 00| 0 eng d | ||
| 020 | _a0-586-09093-2 | ||
| 041 | _aeng | ||
| 082 | _a823.912 | ||
| 100 |
_aJoyce, James _91726 |
||
| 245 | _aThe Essential | ||
| 260 |
_bHarper Collins _c1991 |
||
| 300 | _a623 | ||
| 650 |
_aenglish fiction _98925 |
||
| 942 | _cBK | ||
| 999 |
_c4173 _d4172 |
||